Between me and many : (Record no. 10042)

MARC details
000 -LEADER
fixed length control field 00684nam a22002057a 4500
003 - CONTROL NUMBER IDENTIFIER
control field OSt
005 - DATE AND TIME OF LATEST TRANSACTION
control field 20260428090624.0
008 - FIXED-LENGTH DATA ELEMENTS--GENERAL INFORMATION
fixed length control field 260428b |||||||| |||| 00| 0 eng d
020 ## - INTERNATIONAL STANDARD BOOK NUMBER
International Standard Book Number 0-7674-0817-9.
040 ## - CATALOGING SOURCE
Original cataloging agency DWC-Main lib
Transcribing agency OC
082 ## - DEWEY DECIMAL CLASSIFICATION NUMBER
Edition number 3rd edition
Classification number Circ. 808.51 B844b 2000
100 ## - MAIN ENTRY--PERSONAL NAME
Personal name Brydon, Steven R.
245 ## - TITLE STATEMENT
Title Between me and many :
Remainder of title the art and science of public speaking
Statement of responsibility, etc. Steven R. Brydon
260 ## - PUBLICATION, DISTRIBUTION, ETC.
Place of publication, distribution, etc. Mountainview, CA :
Name of publisher, distributor, etc. Mayfield Pub.,
Date of publication, distribution, etc. c2000.
300 ## - PHYSICAL DESCRIPTION
Extent xxvii, 463 pages :
Other physical details colored illustration ;
Dimensions 23 cm.
504 ## - BIBLIOGRAPHY, ETC. NOTE
Bibliography, etc. note Includes index.
650 ## - SUBJECT ADDED ENTRY--TOPICAL TERM
Topical term or geographic name entry element 1. Public Speaking.
700 ## - ADDED ENTRY--PERSONAL NAME
Personal name Scott, Michael D.
942 ## - ADDED ENTRY ELEMENTS (KOHA)
Source of classification or shelving scheme Dewey Decimal Classification
Koha item type Book Circulation
Edition 3rd ed.
Classification part Circ.
Suppress in OPAC No
952 ## - LOCATION AND ITEM INFORMATION (KOHA)
--
Holdings
Withdrawn status Lost status Source of classification or shelving scheme Damaged status Not for loan Home library Current library Shelving location Date acquired Cost, normal purchase price Total Checkouts Full call number Barcode Date last seen Copy number Price effective from Koha item type Uniform Resource Identifier
    Dewey Decimal Classification     College Library College Library Circulation 04/28/2026 0.00   Circ. 808.51 B844b 2000 CL37611 04/28/2026 c1 04/28/2026 BK-CIRC